000 00249nam a2200109Ia 4500
008 190216s9999||||xx |||||||||||||| ||und||
100 _aKausalya
245 0 _aHindi-Bechavi Radha
260 _bKranthikanth Prakashan
650 _aHindi
942 _cBK
999 _c15287
_d15287